00703nam a22002057a 4500003000400000005001700004008004100021020001900062040001800081050001700099100003100116245013800147260003300285300004100318650003200359700003600391700003800427942001500465999001700480OSt20260530113909.0260420b2007 gw a|||| |||| 00| 0 eng d a 9783899551679 aICIbspacICI aNK1510 bB551 aBilz, Silja,eautor933233 aThe little know-it-all : |b common sense for designers /ctext by Silja Bilz ; edited by Robert Klanten, Mika Mischler and Silja Bilz a Berlin :bGestalten, c2007 a351 páginas bilustracionesc17cm. a DiseñovManuales 933234 aKlanten, Robert,eeditor933235 aMischler, Michael,eeditor933236 2lcccBKn0 c12088d12088